| 000 | 00580 a2200217 4500 | ||
|---|---|---|---|
| 001 | 61333 | ||
| 005 | 20260407155903.0 | ||
| 008 | 260407a2004 arg spa d | ||
| 003 | AR-UNSa-BCEJYS | ||
| 040 |
_aAR-UNSa-BCEJYS _bspa _cAR-UNSa-BCEJYS |
||
| 080 |
_a343(094.4) _xCódigo Penal |
||
| 245 | 1 | 0 | _aRégimen penal argentino |
| 020 | _a978-987-20915-8-3 | ||
| 250 | _a4a. ed. | ||
| 264 | 1 |
_aBogotá : _bLegis _c2004 |
|
| 300 |
_axlviii, 870 p. _c25 cm. |
||
| 041 | _aspa | ||
| 942 | _cBK | ||
| 590 | _aniveau_biblio:m niveau_hierar:0 | ||
| 100 | 1 | _aArgentina (Código Penal) | |
| 999 |
_c7273 _d7273 |
||